000 00472nam a2200205Ia 4500
003 OSt
005 20230427122301.0
008 210423s2005 xx 000 0 und d
020 _a387985921
040 _cAL
041 _aeng
082 _a515.9
_223
_b LANS
100 _aLANG (Serge).
_994008
245 _aComplex analysis.
250 _a4
260 _aNew Delhi
_bSpringer Pvt Ltd
_c2005
300 _axiv,485,vi
_bPB
365 _b495
_cINR
942 _2ddc
_cBK
999 _c161202
_d161202